[Event "GER-ch U25-A"]
[Site "Willingen"]
[Date "2023.05.31"]
[Round "5"]
[White "Hahn, Peter"]
[Black "Stiller, Maximilian"]
[Result "1-0"]
[WhiteElo "1814"]
[BlackElo "1657"]
[PlyCount "36"]
[EventDate "2023.05.27"]
[EventType "swiss"]
[EventRounds "9"]
[EventCountry "GER"]
[SourceTitle "CBM 214 Extra"]
[Source "ChessBase"]
[SourceDate "2023.07.31"]
[SourceVersion "1"]
[SourceVersionDate "2023.07.31"]
[SourceQuality "1"]

1. d4 d5 2. c4 e6 3. Nc3 Nf6 4. cxd5 exd5 5. Bg5 Be7 6. e3 0-0 7. Bd3 h6 8. Bh4 c6 9. Nge2 Ne4 10. Bxe7 Qxe7 11. 0-0 Nd7 12. Qc2 f5 13. Nf4 Qf7 14. b4 g5 15. Nfe2 b6 16. Ng3 Bb7 17. Ncxe4 fxe4 18. Nxe4 Qe7 1-0

[Event "GER-ch U25-A"]
[Site "Willingen"]
[Date "2023.05.30"]
[Round "4"]
[White "Mehner, Lorenz"]
[Black "Hahn, Peter"]
[Result "1-0"]
[WhiteElo "1681"]
[BlackElo "1814"]
[PlyCount "47"]
[EventDate "2023.05.27"]
[EventType "swiss"]
[EventRounds "9"]
[EventCountry "GER"]
[SourceTitle "CBM 214 Extra"]
[Source "ChessBase"]
[SourceDate "2023.07.31"]
[SourceVersion "1"]
[SourceVersionDate "2023.07.31"]
[SourceQuality "1"]

1. d4 Nf6 2. c4 e6 3. Nc3 Bb4 4. e3 c5 5. Nge2 b6 6. d5 0-0 7. a3 Ba5 8. Rb1 Na6 9. Bd2 Bb7 10. e4 exd5 11. cxd5 Re8 12. Qc2 Bxc3 13. Nxc3 Nxd5 14. Bxa6 Nxc3 15. Bxb7 Nxb1 16. Qxb1 Rb8 17. Bd5 b5 18. 0-0 a5 19. Qd3 b4 20. axb4 cxb4 21. Bf4 Rc8 22. Bb7 Rc5 23. Rd1 f5 24. Bd6 1-0